মুসলিমশাসিত ভারতে শিক্ষাব্যবস্থা : (Record no. 55042)
[ view plain ]
| 000 -LEADER | |
|---|---|
| fixed length control field | 01011nam a2200229 a 4500 |
| 001 - CONTROL NUMBER | |
| control field | 55042 |
| 003 - CONTROL NUMBER IDENTIFIER | |
| rucl marc code | BD-RjUL |
| 005 - DATE AND TIME OF LATEST TRANSACTION | |
| control field | 20211209080216.0 |
| 008 - FIXED-LENGTH DATA ELEMENTS--GENERAL INFORMATION | |
| fixed length control field | 161113s1988 bg ||||| |||| 00| 0 ben d |
| 035 ## - SYSTEM CONTROL NUMBER | |
| System control number | (BD-RjUL)55164 |
| 040 ## - CATALOGING SOURCE | |
| Original cataloging agency | BD-RjUL |
| Language of cataloging | ben |
| Transcribing agency | BD-RjUL |
| Modifying agency | BD-RjUL |
| 041 ## - LANGUAGE CODE | |
| Language code of text/sound track or separate title | ben |
| 082 ## - DEWEY DECIMAL CLASSIFICATION NUMBER | |
| Edition number | 23 |
| Classification number | 370.95402 |
| Author mark and year | JAM 1988 |
| 100 ## - MAIN ENTRY--PERSONAL NAME | |
| Personal name | জাফর, এস. এম. |
| 9 (RLIN) | 164086 |
| 245 10 - TITLE STATEMENT | |
| Title | মুসলিমশাসিত ভারতে শিক্ষাব্যবস্থা : |
| Remainder of title | [১০০০-১৮০০] / |
| Statement of responsibility, etc. | মূল : এস. এম. জাফর, অনুবাদ : রশীদ আল ফারুকী |
| 260 ## - PUBLICATION, DISTRIBUTION, ETC. (IMPRINT) | |
| Place of publication, distribution, etc. | ঢাকা : |
| Name of publisher, distributor, etc. | বাংলা একাডেমী, |
| Date of publication, distribution, etc. | ১৯৮৮. |
| 300 ## - PHYSICAL DESCRIPTION | |
| Pagination | [৬], ১৩৮ পৃ. ; |
| Size | ২৩ সেমি. |
| 650 ## - SUBJECT ADDED ENTRY--TOPICAL TERM | |
| Topical term or geographic name as entry element | শিক্ষা |
| Geographic subdivision | ভারত |
| Chronological subdivision | (৬৪৭-১৭৪৫) |
| 9 (RLIN) | 164087 |
| Topical term or geographic name as entry element | Education |
| Geographic subdivision | India |
| Chronological subdivision | (647-1745) |
| 9 (RLIN) | 164088 |
| 700 ## - ADDED ENTRY--PERSONAL NAME | |
| Personal name | ফারুকী, রশীদ আল |
| Fuller form of name | অনুবাদ : |
| 942 ## - ADDED ENTRY ELEMENTS (KOHA) | |
| Source of classification or shelving scheme | Dewey Decimal Classification |
| Koha item type | Books |
| Lost status | Source of classification or shelving scheme | Damaged status | Not for loan | Collection code | Permanent Location | Current Location | Shelving location | Date acquired | Source of acquisition | Total Checkouts | Full call number | Date last seen | Date checked out | Copy number | Koha item type | Cost, normal purchase price |
|---|---|---|---|---|---|---|---|---|---|---|---|---|---|---|---|---|
| Dewey Decimal Classification | Non-fiction | Central Library, University of Rajshahi | Central Library, University of Rajshahi | 23/09/1992 | Gift | 1 | B 370.95402 JAM 1988 | 12/11/2018 | 28/10/2018 | C-2 | Books | |||||
| Dewey Decimal Classification | Not For Loan | Non-fiction | Central Library, University of Rajshahi | Central Library, University of Rajshahi | Reading Room | 27/06/1990 | Bangla Academy, Dhaka. | B 370.95402 JAM 1988 | 24/12/2016 | C-1 | Books | 30.00 |